<?xml version="1.0" encoding="UTF-8"?>
<record
    xmlns:xsi="http://www.w3.org/2001/XMLSchema-instance"
    xsi:schemaLocation="http://www.loc.gov/MARC21/slim http://www.loc.gov/standards/marcxml/schema/MARC21slim.xsd"
    xmlns="http://www.loc.gov/MARC21/slim">

  <leader>01888    a2200241   4500</leader>
  <controlfield tag="001">13815</controlfield>
  <controlfield tag="005">20260407155444.0</controlfield>
  <controlfield tag="008">260407a1990    arg                 spa d</controlfield>
  <controlfield tag="003">AR-UNSa-BCEJYS</controlfield>
  <datafield tag="040" ind1=" " ind2=" ">
    <subfield code="a">AR-UNSa-BCEJYS</subfield>
    <subfield code="b">spa</subfield>
    <subfield code="c">AR-UNSa-BCEJYS</subfield>
  </datafield>
  <datafield tag="080" ind1=" " ind2=" ">
    <subfield code="a">342.9</subfield>
    <subfield code="x">Derecho Administrativo</subfield>
  </datafield>
  <datafield tag="245" ind1="1" ind2="0">
    <subfield code="a">Manual de derecho administrativo</subfield>
  </datafield>
  <datafield tag="250" ind1=" " ind2=" ">
    <subfield code="a">5a. ed.</subfield>
  </datafield>
  <datafield tag="264" ind1=" " ind2="1">
    <subfield code="a">Buenos Aires :</subfield>
    <subfield code="b">Plus Ultra</subfield>
    <subfield code="c">1990</subfield>
  </datafield>
  <datafield tag="300" ind1=" " ind2=" ">
    <subfield code="a">431 p.</subfield>
    <subfield code="c">22 cm.</subfield>
  </datafield>
  <datafield tag="505" ind1=" " ind2=" ">
    <subfield code="a">1. Introducci&#xF3;n - 2. El Estado y sus funciones - 3. La administraci&#xF3;n p&#xFA;blica - 4. El derecho administrativo - 5. Relaciones del derecho administrativo - 6. Fuentes del derecho administrativo - 7. Organizaci&#xF3;n administrativa - 8. Los sujetos en el derecho administrativo - 9. Organizaci&#xF3;n administrativa Argentina - 10. De los hechoa y actos administrativos - 11. Clasificaci&#xF3;n de los actos administrativos - 12. La formaci&#xF3;n del acto administrativo - 13. Elementos del acto admionistrativo - 14. Caracteres del acto administrativo - 15. Nulidad de los actos administrativos - 16. Los vicios del acto administrativo - 17. Del saneamiento y de la conversi&#xF3;n de los actos administrativos - 18. De la extinci&#xF3;n de los actos administrativos - 19. La interpretaci&#xF3;n de los actos administrativos - 20. El acto de gobierno del &#xF3;rgano ejecutivo - 21. Contratos administrativos - 22. Procedimiento para la formaci&#xF3;n de los contratos que celebre la administraci&#xF3;n - 23. De la ejecuci&#xF3;n de los contratos administrativos - 24. De la extinci&#xF3;n de los contratos administrativos - 25. Contrato de obra p&#xFA;blica - 26. Concesi&#xF3;n de obra p&#xFA;blica - 27. Contrato de suministros </subfield>
  </datafield>
  <datafield tag="041" ind1=" " ind2=" ">
    <subfield code="a">spa</subfield>
  </datafield>
  <datafield tag="942" ind1=" " ind2=" ">
    <subfield code="c">BK</subfield>
  </datafield>
  <datafield tag="590" ind1=" " ind2=" ">
    <subfield code="a">niveau_biblio:m niveau_hierar:0</subfield>
  </datafield>
  <datafield tag="100" ind1="1" ind2=" ">
    <subfield code="a">Diez, Manuel Mar&#xED;a</subfield>
  </datafield>
  <datafield tag="700" ind1="1" ind2=" ">
    <subfield code="a">Hutchinson, Tom&#xE1;s A.</subfield>
  </datafield>
  <datafield tag="856" ind1="4" ind2="1">
    <subfield code="u">https://biblioeco.unsa.edu.ar/pmb/images/libros/L85532.jpg</subfield>
    <subfield code="y">Imagen de portada</subfield>
    <subfield code="q">image/jpeg</subfield>
  </datafield>
  <datafield tag="999" ind1=" " ind2=" ">
    <subfield code="c">547</subfield>
    <subfield code="d">547</subfield>
  </datafield>
  <datafield tag="952" ind1=" " ind2=" ">
    <subfield code="0">0</subfield>
    <subfield code="1">0</subfield>
    <subfield code="4">0</subfield>
    <subfield code="7">0</subfield>
    <subfield code="a">BCEJYS</subfield>
    <subfield code="b">BCEJYS</subfield>
    <subfield code="c">16</subfield>
    <subfield code="d">2026-04-07</subfield>
    <subfield code="l">0</subfield>
    <subfield code="o">342.9 D568 v.1 5ed.</subfield>
    <subfield code="p">L53669</subfield>
    <subfield code="r">2026-04-07 15:54:44</subfield>
    <subfield code="w">2026-04-07</subfield>
    <subfield code="y">L</subfield>
  </datafield>
</record>
